[Event "RUS-ch"]
[Site "Orel"]
[Date "1992.??.??"]
[Round "?"]
[White "Petrushin, Alexander I"]
[Black "Ragozin, Evgeni"]
[Result "1-0"]
[WhiteElo "2380"]
[BlackElo "2415"]

1.e4 c5 2.Nf3 Nc6 3.d4 cxd4 4.Nxd4 Nf6 5.Nc3 d6 6.Bg5 e6 7.Qd2 Be7 8.O-O-O O-O
9.Nb3 Qb6 10.f3 a6 11.g4 Rd8 12.Be3 Qc7 13.g5 Nd7 14.h4 b5 15.g6 fxg6 16.h5 gxh5
17.Rxh5 Nf6 18.Rh1 Ne5 19.Qf2 Rb8 20.Nd4 Nc4 21.Bh3 Qc5 22.Nf5 Qc7 23.Nxe7+ Qxe7
24.Bg5 Rf8 25.Qe2 Bd7 26.f4 d5 27.Nxd5 exd5 28.Bxd7 Qxd7 29.e5 Ne8 30.e6 Qc6
31.f5 Qc7 32.Rxh7 Qe5 33.Qxe5 Nxe5 34.Rdh1 Nf7 35.Be7 Nh6 36.R7xh6 gxh6 37.Rg1+ Ng7
38.f6 Rxf6 39.Bxf6 Rb7 40.e7  1-0

[Event "RUS-ch"]
[Site "Orel"]
[Date "1992.??.??"]
[Round "?"]
[White "Suchorukow, Andrei"]
[Black "Ragozin, Evgeni"]
[Result "0-1"]
[WhiteElo "2300"]
[BlackElo "2415"]

1.e4 c5 2.Nf3 Nc6 3.d4 cxd4 4.Nxd4 Nf6 5.Nc3 d6 6.Bg5 e6 7.Qd2 Be7 8.O-O-O O-O
9.f4 Nxd4 10.Qxd4 Qa5 11.Bc4 Bd7 12.e5 dxe5 13.fxe5 Bc6 14.Bd2 Nd7 15.Nd5 Qd8
16.Nxe7+ Qxe7 17.Rhe1 Rfd8 18.Qg4 Nf8 19.Bd3 Rxd3 20.cxd3 Qd7 21.Kb1 Qxd3+
22.Ka1 Qg6 23.Qxg6 Nxg6 24.g3 Ne7 25.Bg5 Nd5 26.Rd4 a6 27.b3 h6 28.Bd2 Rd8
29.Kb2 Kh7 30.a4 Rd7 31.h4 h5 32.Bc1 Nb6 33.Kc3 Rc7 34.Kb2 Bf3 35.Rf1 Bg4
36.Rd8 Bf5 37.Rf2 Kg6 38.Bf4 Nd5 39.Rd2 Be4 40.Rh8 b5 41.axb5 axb5 42.Rxd5 exd5
43.Ka3 Rd7 44.Kb4 Bd3 45.Kc3 Bf5 46.Kd4 Bc2 47.Rb8 Bxb3 48.Rxb5 Ba2 49.Rb8 Ra7
50.Rd8 Kf5 51.Rd6 Kg4 52.e6 Ra4+ 53.Kd3 fxe6 54.Rxe6 Bb1+ 55.Kd2 Bf5 56.Re8 d4
57.Rd8 d3 58.Be5 Ra2+ 59.Kd1 g6 60.Rd4+ Kh3 61.Bf4 Rc2 62.Ke1 Kg2 63.Bd6 Ra2
64.Rd5 Ra1+ 65.Kd2 Kf2 66.g4 Ra2+ 67.Kc3 Rc2+ 68.Kb4 Be4 69.Rd4 Ke3 70.Bc5 Rxc5  0-1

[Event "RUS-ch"]
[Site "Orel"]
[Date "1992.??.??"]
[Round "?"]
[White "Nevostrujev, Vladimir"]
[Black "Ionov, Sergey"]
[Result "1/2-1/2"]
[WhiteElo "2385"]
[BlackElo "2500"]

1.e4 c5 2.Nf3 d6 3.d4 cxd4 4.Nxd4 Nf6 5.Nc3 Nc6 6.Bg5 e6 7.f4 Be7 8.Qd2 O-O
9.O-O-O h6 10.Bh4 Bd7 11.Qe1 Nxd4 12.Rxd4 Bc6 13.Bc4 b5 14.Bd3 Qb6 15.Bf2 Qa5
16.a3 e5 17.Rb4 a6 18.Rb3 Rfe8 19.Be3 Qc7 20.fxe5 dxe5 21.Qg3 Nh5 22.Qg4 Nf4
23.Ne2 Bg5 24.Nxf4 Bxf4 25.Bxf4 exf4 26.Rc3 Qd6  1/2-1/2

[Event "RUS-ch sf"]
[Site "Orel"]
[Date "1992.??.??"]
[Round "?"]
[White "Shabanov, Yuri"]
[Black "Petrushin, Alexander I"]
[Result "1-0"]
[WhiteElo "2425"]
[BlackElo "2380"]

1.e4 c5 2.Ne2 Nf6 3.Nbc3 Nc6 4.d4 cxd4 5.Nxd4 d6 6.Bg5 e6 7.Qd2 a6 8.O-O-O Bd7
9.f4 b5 10.Nxc6 Bxc6 11.Qe1 Be7 12.Bd3 Nd7 13.Bxe7 Qxe7 14.Ne2 O-O 15.Nd4 Bb7
16.Rf1 Rac8 17.Kb1 Rc5 18.g4 g6 19.h4 e5 20.Nb3 exf4 21.Nxc5 Nxc5 22.Rxf4 Re8
23.Qf2 Nxe4 24.Bxe4 Bxe4 25.Rf1 f5 26.Ka1 Qe5 27.c3 Rc8 28.gxf5 gxf5 29.Qb6 Kh8
30.R4f2 Rg8 31.Rd2 d5 32.Rdf2 Rg6 33.Qc5 Qd6 34.Qe3 Kg8 35.h5 Rg4 36.a3 Kg7
37.Rf4 Rxf4 38.Rxf4 Qf6 39.Rf1 Kf8 40.Qa7  1-0

[Event "Osijek"]
[Site "Osijek"]
[Date "1992.??.??"]
[Round "1"]
[White "Tolnai, Tibor"]
[Black "Kozul, Zdenko"]
[Result "0-1"]
[WhiteElo "2490"]
[BlackElo "2545"]

1.e4 c5 2.Nf3 d6 3.d4 cxd4 4.Nxd4 Nf6 5.Nc3 Nc6 6.Bg5 e6 7.Qd3 a6 8.O-O-O Qa5
9.f4 Nb4 10.Qc4 e5 11.a3 exd4 12.axb4 Qa1+ 13.Nb1 Be7 14.Qxd4 h6 15.Bh4 O-O
16.b3 Qa2 17.Bd3 a5 18.e5 dxe5 19.fxe5 Nd5 20.Bxe7 Nxe7 21.b5 a4 22.Bc4 Be6
23.Bxe6 fxe6 24.bxa4 Rfc8 25.Rd2 Rxa4 26.Qb2 Qc4 27.Rhd1 Nd5 28.Rd4 Qa2 29.Qxa2 Rxa2
30.R1d2 Rc5 31.c4 Ra4 32.Rc2 Ne3 33.Rc3 Nxc4 34.Rd8+ Kh7 35.b6 Rxe5 36.Rd7 Nxb6
37.Rxb7 Re1+ 38.Kc2 Nd5 39.Rg3 Ra2+ 40.Kd3 Nf4+ 41.Kc4 Nh5 42.Rh3 Kg6 43.Rb5 Rxg2  0-1

[Event "Osijek"]
[Site "Osijek"]
[Date "1992.??.??"]
[Round "10"]
[White "Gyorkos, Lajos"]
[Black "Kozul, Zdenko"]
[Result "0-1"]
[WhiteElo "2450"]
[BlackElo "2545"]

1.e4 c5 2.Nf3 d6 3.d4 cxd4 4.Nxd4 Nf6 5.Nc3 Nc6 6.Bg5 e6 7.Qd2 a6 8.O-O-O Bd7
9.f4 b5 10.Bxf6 gxf6 11.Kb1 Qb6 12.Nxc6 Bxc6 13.Qe1 Ra7 14.Bd3 b4 15.Ne2 a5
16.f5 e5 17.Nc1 Bh6 18.Qe2 Ke7 19.Bc4 Rf8 20.Rd3 Qc5 21.Rh3 Bg5 22.Rxh7 a4
23.Qd3 Rc7 24.b3 axb3 25.Bxb3 Be3 26.Re1 Bf2 27.Rd1 Bd4 28.Qf3 Bb5 29.Ne2 Bc3
30.Rd3 Bxd3 31.cxd3 Qa7 32.Qh5 Ke8 33.Qf3 Qa3 34.Nxc3 bxc3 35.Qd1 Qb2+  0-1

[Event "Oslo"]
[Site "Oslo"]
[Date "1992.??.??"]
[Round "6"]
[White "Fossan, Erik"]
[Black "Groenn, Atle"]
[Result "1/2-1/2"]
[WhiteElo "2315"]
[BlackElo "2310"]

1.e4 c5 2.Nf3 Nc6 3.d4 cxd4 4.Nxd4 Nf6 5.Nc3 d6 6.Bg5 e6 7.Qd2 a6 8.O-O-O Bd7
9.Be2 h6 10.Bh4 Rc8 11.Bg3 b5 12.Nxc6  1/2-1/2

[Event "Oslo"]
[Site "Oslo"]
[Date "1992.??.??"]
[Round "9"]
[White "Kveinys, Aloyzas"]
[Black "Greenfeld, Alon"]
[Result "0-1"]
[WhiteElo "2485"]
[BlackElo "2520"]

1.e4 c5 2.Nf3 d6 3.d4 cxd4 4.Nxd4 Nf6 5.Nc3 Nc6 6.Bg5 e6 7.Qd2 a6 8.O-O-O h6
9.Bf4 Bd7 10.Bg3 Be7 11.f3 Rc8 12.Kb1 Nxd4 13.Qxd4 e5 14.Qe3 O-O 15.Be2 Qc7
16.f4 Rfe8 17.Rhf1 b5 18.Bd3 Be6 19.Qd2 b4 20.Ne2 Nxe4 21.Bxe4 Qc4 22.Qd3 Qxa2+
23.Kc1 Bc4 24.Qf3 d5 25.Bf5 e4 26.Qe3 Bxe2 27.Bxc8 Bxf1 28.Bb7 Bf6 29.Qb3 Qxb3
30.cxb3 Bd3 31.Bxd5 Rc8+ 32.Bc4 Bxc4 33.bxc4 Rxc4+ 34.Kb1 Rd4 35.Rc1 Rd2
36.Rc2 Rd1+ 37.Ka2 a5 38.Kb3 e3 39.Ka4 Rd2 40.Rc8+ Kh7 41.Re8 Rxg2  0-1

[Event "Ostrava op"]
[Site "Ostrava"]
[Date "1992.??.??"]
[Round "7"]
[White "Stripunsky, Alexander"]
[Black "Dydyshko, Viacheslav"]
[Result "1/2-1/2"]
[WhiteElo "2395"]
[BlackElo "2500"]

1.e4 c5 2.Nf3 d6 3.d4 cxd4 4.Nxd4 Nf6 5.Nc3 Nc6 6.Bg5 Bd7 7.Qd2 Rc8 8.O-O-O Nxd4
9.Qxd4 Qa5 10.Bxf6 gxf6 11.f4 Qc5 12.Qd2 Bg7 13.h4 f5 14.Rh3 fxe4 15.Nxe4 Qc6
16.Re3 O-O 17.Bd3 Qb6 18.Nc3 Kh8 19.Rg3 f5 20.Rxg7 Kxg7 21.Qe2 e6 22.g4 Kh8
23.gxf5 exf5 24.Qe7 Qd8 25.Qxd6 Bc6 26.Qe5+ Qf6 27.Qe3 Qxh4 28.Bb5 Rce8 29.Qd4+ Qf6
30.Qxa7 Rd8 31.Bd3 Be4 32.Qf2 Bxd3 33.cxd3 Rd4 34.Kb1 Rfd8 35.Qg3 R4d7 36.Qf3 Qe6
37.Qg3 Rg8 38.Qf2 Re8 39.d4 Qe3 40.Qh4 Qe7 41.Qh5 Qf7 42.Qf3 Qc4 43.d5 b5
44.Qh5 Rf8 45.Qh6 Rg7 46.a3 b4 47.Qd6 Re8 48.axb4 Qb3 49.Qf6 Re2  1/2-1/2

[Event "Oviedo rapid45"]
[Site "Oviedo"]
[Date "1992.??.??"]
[Round "5"]
[White "Topalov, Veselin"]
[Black "Shirov, Alexei"]
[Result "1-0"]
[WhiteElo "2460"]
[BlackElo "2655"]

1.e4 c5 2.Nf3 d6 3.d4 cxd4 4.Nxd4 Nf6 5.Nc3 Nc6 6.Bg5 e6 7.Qd2 a6 8.O-O-O h6
9.Bf4 Bd7 10.Nxc6 Bxc6 11.Qe1 Qc7 12.h4 b5 13.Nd5 Bxd5 14.exd5 e5 15.Kb1 Be7
16.Bc1 O-O 17.g4 Nxg4 18.Rg1 h5 19.f3 Nf6 20.Bd3 Kh8 21.Rxg7 Kxg7 22.Qg3+ Ng4
23.fxg4 Rg8 24.Rf1 Kf8 25.g5 Ke8 26.Qf3 Rf8 27.Qxh5 Qc5 28.g6 Qxd5 29.g7 Rg8
30.Qh7 Kd7 31.Qf5+ Kc7 32.Be4  1-0

[Event "Oviedo rapid45"]
[Site "Oviedo"]
[Date "1992.??.??"]
[Round "6"]
[White "Svidler, Peter"]
[Black "Martinez, A."]
[Result "1-0"]
[WhiteElo "2465"]
[BlackElo "2220"]

1.e4 c5 2.Nf3 d6 3.Nc3 Nc6 4.d4 cxd4 5.Nxd4 Nf6 6.Bg5 e6 7.Qd2 Be7 8.Nb3 a6
9.O-O-O O-O 10.Bxf6 Bxf6 11.Qxd6 Bxc3 12.bxc3 Qb6 13.Qc5 Qxc5 14.Nxc5 b6
15.Na4 b5 16.Nc5 Rd8 17.Rxd8+ Nxd8 18.c4 b4 19.c3 a5 20.cxb4 axb4 21.Kb2 Nc6
22.Be2 Kf8 23.Rd1 Ke7 24.Nb3 e5 25.c5 Be6 26.Rd6 Nd4 27.Bd3 Ra3 28.Nxd4 exd4
29.Bb1 Ra5 30.Rxd4 b3 31.axb3 Rxc5 32.Bd3 Rc7 33.Bc4 Bd7 34.Bd5 f6 35.f4 Bb5
36.Rb4 Rc5 37.Rd4 Bf1 38.g3 Be2 39.Ra4 Rc7 40.Rb4 Ba6 41.Rb6 Bc8 42.Rc6 Rxc6
43.Bxc6 Kd6 44.Ba8 Kc5 45.Kc3 Be6 46.b4+ Kb6 47.Bd5  1-0

[Event "Palma de Mallorca op"]
[Site "Palma de Mallorca"]
[Date "1992.??.??"]
[Round "6"]
[White "Fernandez, J."]
[Black "Doncevic, Dario"]
[Result "1/2-1/2"]
[WhiteElo "2290"]
[BlackElo "2355"]

1.e4 c5 2.Nf3 Nc6 3.d4 cxd4 4.Nxd4 Nf6 5.Nc3 d6 6.Bg5 Bd7 7.Be2 Qa5 8.Bxf6 gxf6
9.f4 Nxd4 10.Qxd4 Rc8 11.O-O-O Qc5 12.Qxc5 Rxc5 13.Nd5 f5 14.exf5 Bxf5 15.Ne3 Bd7
16.Rhe1 Bh6 17.g3 Bg7 18.Kb1 O-O 19.Bg4 Rd8 20.Bxd7 Rxd7 21.c4 Kf8 22.Re2 e6
23.b3 h5 24.Rd3 a5 25.a4 f5 26.Ng2 Kf7 27.Ne1 Bf6 28.Rde3 d5 29.Nd3 Rc6 30.cxd5  1/2-1/2

[Event "Paris-ch"]
[Site "Paris"]
[Date "1992.??.??"]
[Round "6"]
[White "Conquest, Stuart"]
[Black "Ragozin, Evgeni"]
[Result "1-0"]
[WhiteElo "2485"]
[BlackElo "2415"]

1.e4 c5 2.Nf3 Nc6 3.d4 cxd4 4.Nxd4 Nf6 5.Nc3 d6 6.Bg5 e6 7.Qd2 Be7 8.O-O-O O-O
9.Nb3 Qb6 10.f3 Rd8 11.Kb1 a6 12.Bd3 Qc7 13.h4 b5 14.Qf2 Rb8 15.g4 Ne5 16.Bxf6 Bxf6
17.g5 Nxd3 18.Rxd3 Be7 19.f4 Qb6 20.Qe1 b4 21.Ne2 a5 22.Nbd4 Ba6 23.Rd2 d5
24.e5 Bc5 25.h5 Bxe2 26.Nxe2 Be3 27.Rd3 d4 28.g6 fxg6 29.hxg6 h6 30.Ng3 Rf8
31.Nh5 Bxf4 32.Rf3 Be3 33.Rhf1 Rf5 34.Qh4 Qc6 35.Qe7  1-0

[Event "Paris-ch"]
[Site "Paris"]
[Date "1992.??.??"]
[Round "8"]
[White "Marcantoni, Herve"]
[Black "Giffard, Nicolas"]
[Result "1/2-1/2"]
[WhiteElo "2295"]
[BlackElo "2340"]

1.e4 c5 2.Nf3 Nc6 3.d4 cxd4 4.Nxd4 Nf6 5.Nc3 d6 6.Bg5 Qa5 7.Bxf6 gxf6 8.Nb3 Qb6
9.Be2 e6 10.O-O Be7 11.Kh1 O-O 12.f4 Kh8 13.Bh5 Nd8 14.Qe1 a6 15.Rd1 Rg8
16.Rd3 Qc7 17.Rff3 b5 18.Rh3 Bb7 19.Bd1 f5 20.Qe2 Rg4 21.Rdg3 Qc4 22.exf5 Rxg3
23.hxg3 exf5 24.Qxc4 bxc4 25.Na5 Rc8 26.Nxb7 Nxb7 27.g4 fxg4 28.Bxg4 Rc5
29.Bf3 Nd8 30.Nd5 Bf8 31.Nf6 Kg7 32.Nd7 Rb5 33.Nxf8 Kxf8 34.b3 cxb3 35.axb3 Kg7
36.Be4 h6 37.Rd3 Rb6 38.Rg3+ Kf6 39.Rh3 Kg7  1/2-1/2

[Event "World op"]
[Site "Philadelphia"]
[Date "1992.??.??"]
[Round "5"]
[White "Rowley, Robert"]
[Black "Shirazi, Kamran G"]
[Result "1-0"]
[WhiteElo "2380"]
[BlackElo "2435"]

1.e4 c5 2.Nf3 Nc6 3.d4 cxd4 4.Nxd4 Nf6 5.Nc3 d6 6.Bg5 e6 7.Qd3 a6 8.Be2 Bd7
9.O-O h6 10.Nxc6 Bxc6 11.Be3 b5 12.a3 Qc7 13.f3 Be7 14.Qd4 O-O 15.a4 e5 16.Qd2 Qb7
17.Rfd1 bxa4 18.Nxa4 d5 19.Nc5 Qc8 20.Bxa6 Qb8 21.exd5 Nxd5 22.Nd7 Bxd7 23.Qxd5 Bf5
24.Bb7 Rxa1 25.Rxa1 Bxc2 26.Qc6 e4 27.Ra8 Qe5 28.Rxf8+ Bxf8 29.Qxc2 exf3
30.Qf2 fxg2 31.Bd4 Qc7 32.Bxg2 Bd6 33.Bf1 Bf4 34.Qg2 f6 35.Qd5+ Kh8 36.Qa8+ Kh7
37.Qe4+ g6 38.Bxf6 Bxh2+ 39.Kh1 Qf7 40.Qe7 Qxe7 41.Bxe7 Bc7 42.b4 Kg7 43.Bc4 g5
44.Kg2 Kg6 45.Kh3 Kf5 46.Be2 Ke5 47.Kg4 Bd6 48.Bxd6+ Kxd6 49.Bf3 Kc7 50.Kf5 Kb6
51.Be2 Kc6 52.Ke5 g4 53.Kd4 h5 54.b5+ Kd6 55.Kc4 g3 56.Bf1 h4 57.Bg2 Kd7
58.Kc5  1-0

[Event "Pila"]
[Site "Pila"]
[Date "1992.??.??"]
[Round "6"]
[White "Savon, Vladimir A"]
[Black "Lanc, Alois"]
[Result "1/2-1/2"]
[WhiteElo "2440"]
[BlackElo "2470"]

1.e4 c5 2.Nf3 Nc6 3.d4 cxd4 4.Nxd4 Nf6 5.Nc3 d6 6.Bg5 e6 7.Qd2 a6 8.O-O-O h6
9.Bf4 Bd7 10.Nxc6 Bxc6 11.f3 d5 12.exd5 Nxd5 13.Be5 Qa5 14.Nxd5 Qxd5 15.Qxd5 Bxd5
16.c4 Rc8 17.b3 f6 18.Kb1 fxe5 19.cxd5 exd5 20.Rxd5 Rc5 21.Bc4 b5 22.Re1 Rxd5
23.Bxd5 Kd7 24.Bb7 Bd6 25.Rc1 Rb8 26.Be4 Ba3 27.Bf5+ Kd6 28.Rc3  1/2-1/2

[Event "RUS-chT"]
[Site "Podolsk"]
[Date "1992.??.??"]
[Round "?"]
[White "Nikolenko, Oleg"]
[Black "Belikov, Vladimir"]
[Result "0-1"]
[WhiteElo "2465"]
[BlackElo "2420"]

1.e4 c5 2.Nf3 Nc6 3.d4 cxd4 4.Nxd4 Nf6 5.Nc3 d6 6.Bg5 Qb6 7.Nb3 e6 8.Qd2 Be7
9.O-O-O O-O 10.f3 a6 11.h4 Rd8 12.Be3 Qc7 13.Qf2 Nd7 14.g4 b5 15.g5 Rb8 16.h5 Nb6
17.Kb1 Na4 18.Ne2 Ne5 19.Bc1 Nc4 20.Bh3 e5 21.f4 Bxh3 22.Rxh3 Rdc8 23.Nc3 Na3+
24.Ka1 Nxc2+ 25.Qxc2 b4 26.Nd2 bxc3 27.Qxa4 cxd2 28.Bxd2 Qc4 29.Qxc4 Rxc4
30.fxe5 Rd4 31.Rhh1 dxe5 32.Bc3 Rxe4 33.g6 fxg6 34.hxg6 hxg6 35.Rde1 Rxe1+
36.Rxe1 Bf6 37.Bxe5 Bxe5 38.Rxe5 Kf7 39.Ra5 Rb6 40.Kb1 Kf6 41.Kc2 g5 42.Kd3 Re6
43.b4 g4 44.Kd4 Kg6 45.b5 axb5 46.Rxb5 Kh6 47.a4 g3 48.a5 Rg6 49.Rb1 Kh5
50.Ke3 Kg4 51.Rb6 Rg5 52.a6 Re5+ 53.Kd3 Ra5 54.Ke2 Kh3 55.Rg6 Kh2  0-1

[Event "RUS-chT"]
[Site "Podolsk"]
[Date "1992.??.??"]
[Round "?"]
[White "Rodin, Mihail"]
[Black "Belikov, Vladimir"]
[Result "1/2-1/2"]
[WhiteElo "2350"]
[BlackElo "2420"]

1.e4 c5 2.Nf3 Nc6 3.d4 cxd4 4.Nxd4 Nf6 5.Nc3 d6 6.Bg5 Qb6 7.Be3 Qxb2 8.Ndb5 Qb4
9.Bd2 Qc5 10.Be3 Qb4 11.Bd2 Qc5 12.Be3 Qb4  1/2-1/2

[Event "RUS-chT"]
[Site "Podolsk"]
[Date "1992.??.??"]
[Round "?"]
[White "Korneev, Oleg"]
[Black "Kiselev, Sergey"]
[Result "1/2-1/2"]
[WhiteElo "2465"]
[BlackElo "2540"]

1.e4 c5 2.Nf3 Nc6 3.d4 cxd4 4.Nxd4 Nf6 5.Nc3 d6 6.Bg5 e6 7.Qd2 a6 8.O-O-O h6
9.Be3 Nxd4 10.Bxd4 b5 11.f3 Be7 12.Kb1 Bb7 13.a3 Bc6 14.Qe3 Qb8 15.e5 dxe5
16.Bxe5 Qb7 17.Bd3 O-O 18.Ne4 Bxe4 19.Bxe4 Nxe4 20.Qxe4 Qxe4 21.fxe4 Rfd8  1/2-1/2

[Event "Police op"]
[Site "Police"]
[Date "1992.??.??"]
[Round "2"]
[White "Zyla, Janusz"]
[Black "Weglarz, Leszek"]
[Result "1/2-1/2"]
[WhiteElo "2300"]
[BlackElo "2330"]

1.e4 c5 2.Nf3 Nc6 3.d4 cxd4 4.Nxd4 Nf6 5.Nc3 d6 6.Bg5 e6 7.Qd2 Be7 8.O-O-O O-O
9.Nb3 h6 10.Bxf6 Bxf6 11.Qxd6 Bxc3 12.bxc3 Qf6 13.Qg3 e5 14.Bc4 Be6 15.Bd5 Rfc8
16.Rd3 Rc7 17.Rhd1 Rac8 18.Bxe6 Qxe6 19.Rd5 Qe7 20.Kb2 b6 21.Qd3 Na5 22.Rd8+ Kh7
23.Rxc8 Rxc8 24.Qd7 Nc4+ 25.Ka1 Rc7 26.Qxe7 Rxe7 27.a4 Rc7 28.Rd5 a5 29.Kb1 Kg6
30.Kc1 Kg5 31.Nd2 Kf4 32.f3 Ke3 33.Nxc4+ Rxc4 34.Kb2 Kf2 35.Rd2+ Kg1 36.h4 Kh2
37.h5 Kg3 38.Kb3 Rc6 39.Rd7 Rf6 40.Rd2 Rc6 41.Rd7 Rf6 42.Rd2 Rc6  1/2-1/2

[Event "Police op"]
[Site "Police"]
[Date "1992.??.??"]
[Round "8"]
[White "Marusenko, Petr"]
[Black "Maniocha, Andrzej"]
[Result "0-1"]
[WhiteElo "2310"]
[BlackElo "2245"]

1.e4 c5 2.Nf3 Nc6 3.d4 cxd4 4.Nxd4 Nf6 5.Nc3 d6 6.Bg5 e6 7.Bb5 Bd7 8.Bxc6 bxc6
9.Qf3 h6 10.Bh4 c5 11.Nb3 Be7 12.O-O-O Qb6 13.Qe2 Bc6 14.f4 a5 15.a4 Qb7
16.Bxf6 gxf6 17.f5 h5 18.Rhe1 Qb4 19.Nd5 Bxd5 20.exd5 e5 21.Qe4 Rg8 22.Nd2 Rb8
23.b3 Qa3+ 24.Kb1 Rg4 25.Qf3 Rxa4 26.Qc3 Qa2+ 27.Kc1 Bf8 28.Qb2 Bh6 29.Qxa2 Rxa2
30.Kb1 Bxd2 31.Kxa2 Bxe1 32.Rxe1 Rb4 33.c4 a4 34.bxa4 Rxc4 35.Ka3 Kd7 36.a5 Rb4
37.Re3 Rb8 38.Rh3 e4 39.Re3 Re8 40.Ka4 Kc7 41.Kb5 Rb8+ 42.Kc4 Rb4+ 43.Kc3 Ra4
44.h4 Kd7 45.Kb3 Rd4 46.Re2 Kc7 47.g4 hxg4 48.h5 Rxd5 49.h6 Rd3+ 50.Kc4 Kc6
51.Rxe4 Rh3  0-1

[Event "Policka"]
[Site "Policka"]
[Date "1992.??.??"]
[Round "?"]
[White "Stodola, Jaroslav"]
[Black "Panchenko, Alexander N"]
[Result "0-1"]
[WhiteElo "2230"]
[BlackElo "2465"]

1.e4 c5 2.Nf3 Nc6 3.d4 cxd4 4.Nxd4 Nf6 5.Nc3 d6 6.Bg5 e6 7.Qd2 a6 8.O-O-O Bd7
9.f4 b5 10.Bxf6 gxf6 11.Nxc6 Bxc6 12.Qe3 Qe7 13.Bd3 h5 14.Kb1 Qa7 15.Qh3 Qc5
16.f5 b4 17.Ne2 e5 18.g4 Bh6 19.gxh5 a5 20.Rhg1 a4 21.Rg3 Kf8 22.Rdg1  0-1

[Event "POR-ch sf"]
[Site "POR"]
[Date "1992.??.??"]
[Round "9"]
[White "Carvalheiro, Filipe"]
[Black "Cordovil, Joao"]
[Result "0-1"]
[WhiteElo "2300"]
[BlackElo "2300"]

1.e4 c5 2.Nf3 Nf6 3.Nc3 Nc6 4.d4 cxd4 5.Nxd4 d6 6.Bg5 Bd7 7.f4 Qb6 8.Nb3 Ng4
9.Qd2 Qe3+ 10.Qxe3 Nxe3 11.Kd2 Nxf1+ 12.Rhxf1 h6 13.Bh4 g5 14.Bg3 Bg7 15.Nd5 Rc8
16.c3 gxf4 17.Nxf4 h5 18.Nd3 Rg8 19.Rf2 Bf6 20.Re1 Ne5 21.Bxe5 dxe5 22.Nbc5 Bc6
23.Nb4 h4 24.Nxc6 Rxc6 25.Nd3 Rg4 26.Nb4 Bg5+ 27.Kc2 Rf6 28.Rfe2 Bf4 29.Nd5 Rfg6
30.Nxf4 exf4 31.Kd2 Rxg2 32.Rf1 e5 33.Ke1 Rxe2+ 34.Kxe2 Ke7 35.Kf2 Ke6 36.Rd1 f5
37.exf5+ Kxf5 38.Rd7 h3 39.Rxb7 Rg2+ 40.Kf1 Rxh2 41.c4 Rc2 42.Kg1 f3  0-1

[Event "Prague DDM-B"]
[Site "Prague"]
[Date "1992.??.??"]
[Round "3"]
[White "Joecks, Christian"]
[Black "Bartak, Vladimir"]
[Result "1-0"]
[WhiteElo "2375"]
[BlackElo "2340"]

1.e4 c5 2.Nf3 Nc6 3.d4 cxd4 4.Nxd4 Nf6 5.Nc3 d6 6.Bg5 e6 7.Qd2 a6 8.O-O-O h6
9.Be3 Bd7 10.f4 b5 11.Bd3 Qc7 12.h3 Na5 13.Kb1 b4 14.Nce2 Nc4 15.Bxc4 Qxc4
16.Ng3 Be7 17.Rhf1 Rb8 18.Ka1 Bb5 19.Rf3 a5 20.e5 dxe5 21.fxe5 Nd5 22.Nh5 Rg8
23.Rg3 g5 24.h4 a4 25.hxg5 a3 26.gxh6 Rxg3 27.Nxg3 axb2+ 28.Kxb2 Qc3+ 29.Qxc3 bxc3+
30.Ka1 Nxe3 31.h7 Kd7 32.Rb1 Bc5 33.Rxb5 Bxd4 34.Rxb8 Nxc2+ 35.Kb1 Na3+ 36.Kc1 Be3+
37.Kd1 c2+ 38.Ke2 c1=Q 39.h8=Q  1-0

[Event "Reggio Emilia9293"]
[Site "Reggio Emilia"]
[Date "1992.??.??"]
[Round "1"]
[White "Belotti, Bruno"]
[Black "Borgo, Giulio"]
[Result "0-1"]
[WhiteElo "2405"]
[BlackElo "2360"]

1.e4 c5 2.Nf3 d6 3.d4 cxd4 4.Nxd4 Nf6 5.Nc3 Nc6 6.Bg5 e6 7.Qd2 a6 8.O-O-O h6
9.Be3 Ng4 10.Nxc6 bxc6 11.Bc5 d5 12.Bxf8 Kxf8 13.f3 Nf6 14.Na4 Qd6 15.c4 Rb8
16.Kb1 Ke7 17.Qe3 Qb4 18.b3 Qxa4 19.cxd5 Rd8 20.Qc5+ Ke8 21.Rd4 Rxb3+ 22.axb3 Qxb3+
23.Ka1 cxd5 24.Bd3 Qb8 25.g3 Nd7 26.Qc3 Bb7 27.Rb4 Qe5 28.Qxe5 Nxe5 29.Be2 Ba8
30.f4 Nc6 31.Rb6 dxe4 32.Bxa6 Nd4 33.Kb2 Ke7 34.Rc1 Bd5 35.Rb4 Nc6 36.Rb7+ Kf6
37.Rb6 Nd4 38.Rb4 Nc6 39.Rb6 Nd4 40.Rb4 Nf3 41.h3 g5 42.Be2 gxf4 43.Bxf3 exf3
44.Rxf4+ Kg6 45.Rg4+ Kh7 46.Rf4 e5 47.Rf5 Rb8+ 48.Ka3 Re8 49.Re1 Kg6 50.g4 f6
51.Kb4 Rc8 52.Rf1 Rc4+ 53.Kb5 Rc3 54.Kb4 Rb3+ 55.Kc5 Be4 56.Rh5 Rb2  0-1

[Event "Rishon Le Ziyyon"]
[Site "Rishon Le Ziyyon"]
[Date "1992.??.??"]
[Round "8"]
[White "Gruenfeld, Yehuda"]
[Black "Greenfeld, Alon"]
[Result "1/2-1/2"]
[WhiteElo "2510"]
[BlackElo "2535"]

1.e4 c5 2.Nf3 d6 3.d4 cxd4 4.Nxd4 Nf6 5.Nc3 Nc6 6.Bg5 e6 7.Qd2 a6 8.O-O-O h6
9.Bf4 Bd7 10.Nxc6 Bxc6 11.f3 d5 12.Qe1 Bb4 13.a3 Ba5 14.Bd2 Qe7 15.e5 Nd7
16.Kb1 Bb6 17.f4 h5 18.Be3 Bc5 19.Bxc5 Nxc5 20.Qe3 O-O-O 21.Be2 h4 22.Rhf1 Kb8
23.Bf3 Rc8 24.Rf2 Na4 25.Ne2 Rc7 26.Nd4 Bd7 27.Qb3 g6 28.Be2 Ka7 29.Qb4 Qc5
30.Rf3 Rg8 31.Bd3 g5 32.f5 g4 33.Rff1 Rg5 34.fxe6 fxe6 35.Rde1 a5 36.Qxc5+ Nxc5
37.Rf6 a4 38.Bb5 Bc8 39.Rh6 h3 40.gxh3 gxh3 41.Bf1 Rcg7 42.Bxh3 R7g6 43.Rxg6 Rxg6
44.Re2 Rg1+ 45.Ka2 Bd7 46.Rg2 Rd1 47.b4 axb3+ 48.Nxb3 Na4 49.Rg3 Rh1  1/2-1/2

[Event "ROM-chT"]
[Site "?"]
[Date "1992.??.??"]
[Round "?"]
[White "Dragomirescu, Calin"]
[Black "Stefanov, Parik"]
[Result "0-1"]
[WhiteElo "2315"]
[BlackElo "2345"]

1.e4 c5 2.Nf3 d6 3.d4 cxd4 4.Nxd4 Nf6 5.Nc3 Nc6 6.Bg5 e6 7.Qd2 Be7 8.O-O-O a6
9.h4 Bd7 10.Be2 Rc8 11.Nb3 b5 12.Bxf6 gxf6 13.Qh6 Ne5 14.Bh5 Qb6 15.Nd4 b4
16.Nce2 Nc6 17.Rh3 Nxd4 18.Nxd4 e5 19.Qg7 Rf8 20.Nf5 Qxf2 21.Rd2 Qe1+ 22.Bd1 Qxe4
23.Nxe7 Kxe7 24.Rhd3 Qg6 25.Qxg6 hxg6 26.Rxd6 Bc6 27.Be2 Rfd8 28.Rxd8 Rxd8
29.Rxd8 Kxd8 30.g3 a5 31.h5 Ke7 32.Kd2 f5 33.c3 Kf6 34.cxb4 axb4 35.Kc2 Ba4+
36.Kd2 Kg5 37.hxg6 fxg6 38.a3 bxa3 39.bxa3 f4 40.gxf4+ exf4 41.Kc3 Kh4 42.Kb4 Bc6
43.a4 f3  0-1

[Event "Roses"]
[Site "Roses"]
[Date "1992.??.??"]
[Round "1"]
[White "Vehi Bach, Victor Manuel"]
[Black "Spraggett, Kevin"]
[Result "1/2-1/2"]
[WhiteElo "2390"]
[BlackElo "2545"]

1.e4 c5 2.Nf3 d6 3.d4 cxd4 4.Nxd4 Nf6 5.Nc3 Nc6 6.Bg5 e6 7.Qd2 a6 8.O-O-O h6
9.Be3 Bd7 10.f3 Qc7 11.g4 b5 12.Nxc6 Bxc6 13.Kb1 b4 14.Ne2 d5 15.e5 Nd7 16.Nd4 Nxe5
17.Bf4 Bd6 18.Bxe5 Bxe5 19.Qxb4 Bd6 20.Qd2 Bf4 21.Qf2 Rb8 22.Bd3 e5 23.Nxc6 Qxc6
24.Qe2 O-O 25.c4 dxc4 26.Bxc4 Rb4 27.Bd5 Qg6+ 28.Qc2 Qxc2+ 29.Kxc2 Rc8+ 30.Kb1 Rcb8
31.b3 a5 32.Rd3 Rc8 33.h3 g6 34.Rhd1 Kg7 35.Be4 a4 36.Kb2 axb3 37.axb3 Rd4
38.Rxd4 exd4 39.b4 Be5 40.Kb3 f5  1/2-1/2

[Event "San Bernardino op"]
[Site "San Bernardino"]
[Date "1992.??.??"]
[Round "4"]
[White "Chudinovskih, Alexander"]
[Black "Spraggett, Kevin"]
[Result "1/2-1/2"]
[WhiteElo "2325"]
[BlackElo "2540"]

1.e4 c5 2.Nf3 d6 3.d4 cxd4 4.Nxd4 Nf6 5.Nc3 Nc6 6.Bg5 e6 7.Qd2 a6 8.O-O-O h6
9.Bf4 Bd7 10.Nxc6 Bxc6 11.f3 d5 12.Qe1 Bb4 13.a3 Ba5 14.exd5 Nxd5 15.b4 Nxf4
16.Rxd8+ Bxd8 17.g3 Nd5 18.Ne4 O-O 19.c4 Nf6 20.Bd3 Be7 21.Qe2 b5 22.cxb5 axb5
23.Kb2 Nxe4 24.fxe4 Bf6+ 25.Ka2 Rfc8 26.Rc1 Bd4 27.Bxb5 Bd5+ 28.Kb1 Rxc1+
29.Kxc1 Rxa3 30.exd5 Ra1+ 31.Kd2 Ra2+ 32.Kd3 Rxe2 33.Kxe2 exd5 34.Bc6 Kf8
35.Bxd5 Ke7  1/2-1/2

[Event "SLO-ch (Women)"]
[Site "?"]
[Date "1992.??.??"]
[Round "?"]
[White "Ankerst, Milka"]
[Black "Grosar, Kiti"]
[Result "1/2-1/2"]
[WhiteElo "2155"]
[BlackElo "2125"]

1.e4 c5 2.Nf3 d6 3.d4 cxd4 4.Nxd4 Nf6 5.Nc3 Nc6 6.Bg5 e6 7.Qd2 a6 8.O-O-O Bd7
9.f3 b5 10.Nxc6 Bxc6 11.Ne2 h6 12.Be3 Be7 13.Nd4 Bb7 14.g4 Nd7 15.Rg1 d5
16.exd5 Bxd5 17.Nf5 Bf6 18.Nd6+ Kf8 19.Ne4 Be7 20.Kb1 Ne5 21.Be2 Rc8 22.Bd4 Nc6
23.Bc5 Bxc5 24.Nxc5 Ne5 25.f4 Rxc5 26.fxe5 Qc7 27.h4 Ke7 28.g5 Qxe5 29.gxh6 Rxh6
30.Rg5 Qe4 31.Rxg7 Qxh4 32.Rg4 Qh2 33.Qg5+ Rf6 34.Qe3 Qc7 35.Rgd4 Rf5 36.Bd3 Qe5
37.Qg1 Rg5 38.Rg4 Bf3 39.Rxg5 Qxg5 40.Qxg5+ Rxg5 41.Rf1 Bd5 42.b3 f5 43.c4 bxc4
44.bxc4 Bc6 45.Kb2 Rg2+ 46.Kb3 Rg3 47.Kc2 Kd6 48.Rf4 Ba4+ 49.Kd2 Rg2+ 50.Be2 Ke5
51.Rf3 f4 52.Ra3 Bc6 53.Ke1 Bb7 54.Rb3 Be4 55.Ra3 Bb7 56.Rb3 Rg7 57.Kf2 Rd7
58.Rb6 Kf5 59.Bf1 Re7 60.Bh3+ Ke5 61.Bxe6 Rxe6 62.Rxb7 Rc6 63.Ra7  1/2-1/2

[Event "Alekhine op"]
[Site "Smolensk"]
[Date "1992.??.??"]
[Round "9"]
[White "Yagupov, Igor"]
[Black "Filipenko, Alexander V"]
[Result "1-0"]
[WhiteElo "2400"]
[BlackElo "2390"]

1.e4 c5 2.Nf3 Nc6 3.d4 cxd4 4.Nxd4 Nf6 5.Nc3 d6 6.Bg5 e6 7.Qd2 a6 8.O-O-O Bd7
9.f4 b5 10.Nxc6 Bxc6 11.Qe1 Be7 12.Bxf6 Bxf6 13.Nd5 O-O 14.Nxf6+ Qxf6 15.g3 e5
16.f5 Rfd8 17.Bg2 Qe7 18.h4 f6 19.g4 Qf7 20.Qe3 Bb7 21.Qb3 Rac8 22.Rh3 Rc4
23.Rc3 Rxc3 24.Qxc3 Rd7 25.b3 Qf8 26.Qb4 Qd8 27.a4 Qb6 28.axb5 axb5 29.Kb2 Qc6
30.Rd5 h5 31.g5 fxg5 32.hxg5 Rc7 33.Qd2 b4 34.Rxd6 Qc3+ 35.Kb1 Qxd2 36.Rxd2 Kf7
37.Rd6 Ke7 38.Rd3 Rd7 39.f6+ gxf6 40.gxf6+ Ke8 41.Rg3 Rd2 42.Bf3 Kf8 43.Rg5 Rf2
44.Rxh5 Ba6 45.Rh8+ Kf7 46.Bh5+  1-0

[Event "St Martin op"]
[Site "St Martin"]
[Date "1992.??.??"]
[Round "6"]
[White "Renet, Olivier"]
[Black "Gulko, Boris F"]
[Result "1/2-1/2"]
[WhiteElo "2495"]
[BlackElo "2560"]

1.e4 c5 2.Nf3 Nc6 3.d4 cxd4 4.Nxd4 Nf6 5.Nc3 d6 6.Bg5 e6 7.Qd2 a6 8.Be2 Bd7
9.f4 h6 10.Bh4 Qc7 11.Nf3 Rc8 12.O-O Be7 13.Rad1 O-O 14.Kh1 Rfd8 15.Bd3 Be8
16.Qe2 Nh5 17.Bxe7  1/2-1/2